000 00349nam a2200133Ia 4500
005 20260328101514.0
008 260328s9999||||xx |||||||||||||| ||und||
100 _aKidder Smith, G.E.
245 4 _aThe New Architecture of Europe /
_cG.E. Kidder Smith
260 _bMeridian Books
300 _a361 p.
650 _aARQUITECTURA REGIONAL
942 _cBK
999 _c9305
_d9305